Liverpool Current Squad - Statistics

General Stats
  • This quiz has been taken 48 times
    3 since last reset
  • The average score is 24 of 31
Answer Stats
Hint Answer % Correct
9 Alexander Isak
100%
10 Alexis MacAllister
100%
1 Alisson Becker
100%
Arne Slot
100%
18 Cody Gakpo
100%
17 Curtis Jones
100%
8 Dominik Szoboszlai
100%
14 Federico Chiesa
100%
7 Florian Wirtz
100%
25 Giorgi Mamardashvili
100%
22 Hugo Ekitike
100%
5 Ibrahima Konate
100%
30 Jeremie Frimpong
100%
6 Milos Kerkez
100%
11 Mohamed Salah
100%
38 Ryan Gravenberch
100%
4 Virgil Van Dijk
100%
3 Wataru Endo
100%
26 Andrew Robertson
67%
12 Conor Bradley
67%
28 Freddie Woodman
67%
15 Giovanni Leoni
67%
2 Joe Gomez
67%
43 Stefan Bajcetic
67%
42 Trey Nyoni
67%
41 Armin Pecsi
33%
47 Calvin Ramsay
33%
95 Harvey Davies
33%
53 James McConnell
33%
46 Rhys Williams
33%
73 Rio Nguhoma
0%
No matching quizzes found
Score Distribution
Percent of People with Each Score
Percentile by Number Answered
Your Score History
You have not taken this quiz since the last reset